| 000 | 00738cam a2200277 4500 | ||
|---|---|---|---|
| 008 | 090401t1993 xxu||||| |||| 00| 0 eng d | ||
| 020 | _a0750610573 | ||
| 035 | _a(Sirsi) u55583 | ||
| 041 | _aeng | ||
| 050 | _a627.86 | ||
| 100 | _aHall, M.J. | ||
| 245 | _aDesign of flood storage reservoirs. | ||
| 260 |
_aLondon _bCIRIA _c1993 |
||
| 300 | _axv,187p. : ill.; 30cm. | ||
| 350 | _a0 | ||
| 520 | _aPublished jointly with Butterworth-Heinemann. | ||
| 650 | _aFLOOD PREVENTION | ||
| 650 | _aRESERVOIRS | ||
| 650 | _aWATER QUALITY | ||
| 690 | _aWATER | ||
| 700 | _aHockin, D.L. | ||
| 700 | _aEllis, J.B. | ||
| 710 |
_aConstruction Industry Research and Information Association _94810 |
||
| 942 | _n0 | ||
| 948 | _c04/03/1997 | ||
| 999 |
_c93627 _d93627 |
||